Analysis and Design of Information Systems (Record no. 119)

MARC details
000 -LEADER
fixed length control field 00431nam a22001697a 4500
005 - DATE AND TIME OF LATEST TRANSACTION
control field 20180131144147.0
008 - FIXED-LENGTH DATA ELEMENTS--GENERAL INFORMATION
fixed length control field 160427b xxu||||| |||| 00| 0 eng d
020 ## - INTERNATIONAL STANDARD BOOK NUMBER
ISBN 0-07-123300-8
041 ## - LANGUAGE CODE
Language code of text/sound track or separate title eng
082 ## - DEWEY DECIMAL CLASSIFICATION NUMBER
Item number 00383
Classification number 003
100 ## - MAIN ENTRY--AUTHOR NAME
Personal name Senn, James A.
245 ## - TITLE STATEMENT
Title Analysis and Design of Information Systems
250 ## - EDITION STATEMENT
Edition statement 2nd ed.
260 ## - PUBLICATION, DISTRIBUTION, ETC. (IMPRINT)
Place of publication New York
Name of publisher MC Graw Hill International,
Year of publication 2003
300 ## - PHYSICAL DESCRIPTION
Number of Pages 853
942 ## - ADDED ENTRY ELEMENTS (KOHA)
Koha item type Books
Holdings
Lost status Damaged status Collection code Home library Current library Shelving location Date acquired Source of acquisition Cost, normal purchase price Full call number Accession Number Koha item type
    CS/IT JRU Library JRU Library SHELF-49-E 27/04/2016 PURCHASE 300.00 003 00383 Books
    CS/IT JRU Library JRU Library SHELF-49-E 27/04/2016 PURCHASE 300.00 003 00384 Books
    CS/IT JRU Library JRU Library SHELF-49-E 27/04/2016 PURCHASE 300.00 003 00385 Books
    CS/IT JRU Library JRU Library SHELF-49-E 27/04/2016 PURCHASE 300.00 003 00386 Books